000 00421nam a2200193Ia 4500
005 20240823054726.0
008 240823s9999||||xx |||||||||||||| ||und||
020 _a0-582-78438-7
041 _aENGLISH
082 _A822.914 P7
100 _aBrain Friel
245 0 _aTranslations
250 _a1st
260 _c2007
_bLong Man
500 _aYES
650 _aEnglish
_bEnglish
942 _cBK
999 _c227134
_d227134